Bases teóricas y jurídicas de las relaciones exteriores en Roma : la diplomacia y los tratados internacionales.

Detalles Bibliográficos
Autor principal: Silva S., Jimena
Formato: Analitica de revista
Lenguaje:español

MARC

LEADER 00000cab a2200000 a 4500
001 025945
003 UAHC_CL
005 20180807172400.0
008 040325b xx j 000 1 spa
952 |0 0  |1 0  |4 0  |6 BOL___HIST__GEOGR_17_03_000000000000000  |7 0  |8 General  |9 52714  |a BC  |b BC  |c General  |d 2017-08-03  |l 0  |o BOL. HIST. GEOGR.-17/03  |p FICTICIO704  |r 2019-01-08 00:00:00  |t 1  |w 2017-08-03  |y REVA 
999 |c 25945  |d 25945 
040 |a UAHC_CL  |c UAHC_CL  |d UAHC_CL 
100 1 |a Silva S., Jimena 
245 1 0 |a Bases teóricas y jurídicas de las relaciones exteriores en Roma :  |b la diplomacia y los tratados internacionales. 
300 |a pp. 249-273 
500 |a Palabras claves: política internacional -- mundo clásico -- derecho romano 
773 0 |t Boletín de historia y geografía.  |w 025934 
900 |a BOL. HIST. GEOGR.-17/03 
942 |c REVA  |2 ddc